000 00272nam a22001217a 4500
008 180205b xxu||||| |||| 00| 0 eng d
041 _aeng
080 _a821
100 _a21
101 _aGJL
245 _aLetters on Literature and Politics
_cAaron, D
942 _2udc
_cBK
999 _c41753
_d41753